MARC

Tag First Indicator Second Indicator Subfields
LEADER 00000cam a2200000 i 4500
001 in00004007113
005 20180712160206.0
006 m o d f
007 cr bn|||||||||
008 130719s2010 dcu ob f001 0 eng c
019 |a 720037237 
035 |a (OCoLC)ocn853354652 
042 |a dlr 
043 |a n-us--- 
040 |a OCLCE  |b eng  |e rda  |e pn  |c OCLCE  |d OCLCO  |d UCO  |d OCLCQ  |d OCLCO  |d OCLCF  |d OCLCQ  |d UCO  |d PML  |d KWL  |d CWCLL  |d GPO  |d MvI 
049 |a WWW 
074 |a 0729-B (online) 
086 0 |a JU 10.6/2:L 71/2010 
245 0 0 |a Civil litigation management manual /  |c the Judicial Conference of the United States, Committee on Court Administration and Case Management. 
250 |a Second edition. 
264 1 |a [Washington, D.C.] :  |b [Administrative Office of the United States Courts] :  |b [Federal Judicial Center, Information Services Office],  |c 2010. 
300 |a 1 online resource (xii, 208 pages) 
336 |a text  |b txt  |2 rdacontent 
337 |a computer  |b c  |2 rdamedia 
338 |a online resource  |b cr  |2 rdacarrier 
504 |a Includes bibliographical references and index. 
505 0 |a Early and ongoing control of the pretrial process -- Setting and monitoring a case-management plan -- Discovery management -- Pretrial motions management -- Alternative dispute resolution and judicial settlement -- Final pretrial conference and trial planning -- Special case matters -- Personnel resources in litigation management -- Using information technology for litigation management. 
588 |a Description based on online resource, PDF version; title from title page (FJC, viewed Feb. 1, 2018). 
650 0 |a Court congestion and delay  |z United States. 
650 0 |a Court administration  |z United States. 
650 0 |a Costs (Law)  |z United States. 
650 7 |a Costs (Law)  |2 fast  |0 (OCoLC)fst00880739 
650 7 |a Court administration.  |2 fast  |0 (OCoLC)fst00881630 
650 7 |a Court congestion and delay.  |2 fast  |0 (OCoLC)fst00881663 
651 7 |a United States.  |2 fast  |0 (OCoLC)fst01204155 
710 2 |a Judicial Conference of the United States.  |b Committee on Court Administration and Case Management. 
710 1 |a United States.  |b Administrative Office of the United States Courts,  |e issuing body. 
710 2 |a Federal Judicial Center.  |b Information Services Office,  |e issuing body. 
776 0 8 |i Print version:  |t Civil litigation management manual.  |b 2nd ed  |w (OCoLC)677861611 
856 4 0 |u https://purl.fdlp.gov/GPO/gpo88726  |t 0 
999 f f |s b75d5b46-e22e-3602-981c-21e4ce803083  |i 4ee460e0-30b3-3cf8-bb5d-961c5b614159  |t 0 
952 f f |a Texas A&M University  |b College Station  |c Electronic Resources  |d Available Online  |t 0  |e JU 10.6/2:L 71/2010  |h Superintendent of Documents classification 
998 f f |a JU 10.6/2:L 71/2010  |t 0  |l Available Online